• 首页
  • 本馆介绍
  • 公告通知
  • 最新文献
  • 馆藏检索
  • 电子资源
  • 读者导购
  • 参考咨询
  • 我的图书馆
  • 登录
  • 详细信息显示
  • 放入我的书架
  • 预约/预借图书
  • 作者相关作品
  • 分类相关作品
  • 丛书相关作品
  • 出版社相关作品

书目信息

  • 表格格式
  • 工作单格式
  • 卡片格式
题名:
东方主义
    
 
作者: 萨达尔 著 ;马雪峰 , 苏敏 译
分册:  
出版信息: 长春   吉林人民出版社  2005
页数: 202页
开本: 21cm
丛书名: 西方社会科学基本知识读本
单 册:
中图分类: B3
科图分类:
主题词: 东方文化--研究 , 东方文化 , 哲学--亚洲
电子资源:
ISBN: 7-206-04685-1
000 01096oam2 2200313 450
001 1160937259
005 20111003165632.50
010    @a7-206-04685-1@dCNY14.00
100    @a20050615d2005 em y0chiy50 ea
101 1  @achi@ceng
102    @aCN@b220000
105    @ay z 000yy
200 1  @a东方主义@9dong fang zhu yi@f(英)齐亚乌丁·萨达尔(Ziauddin Sarder)著@g马雪峰,苏敏译
210    @a长春@c吉林人民出版社@d2005
215    @a202页@d21cm
225 2  @a西方社会科学基本知识读本
306    @a与美国麦格劳-希尔教育(亚洲)出版公司合作出版
330    @a东方主义这一概念,所关涉的是“西方”表述“东方”的理论和实践,本书正是对这一历史和结构的一种梳理,并讨论了东方主义在当代西方的演化和实践。
461  0 @12001 @a西方社会科学基本知识读本
510 1  @aOrientalism@zeng
606 0  @a东方文化@x研究
606 0  @a东方文化
606 0  @a哲学@x亚洲
690    @aB3@v4
701  0 @c(英)@a萨达尔@9sa da er@c(Sardar, Ziauddin)@4著
702  0 @a马雪峰@9ma xue feng@f(1978~)@c(回)@4译
702  0 @a苏敏@9su min@c(哲学)@4译
801  0 @aCN@b91MARC@c20101222
905    @a10447@dB3@eJY59
    
    东方主义/(英)齐亚乌丁·萨达尔(Ziauddin Sarder)著/马雪峰,苏敏译.-长春:吉林人民出版社,2005
    202页;21cm.-(西方社会科学基本知识读本)
    
    
    ISBN 7-206-04685-1:CNY14.00
    东方主义这一概念,所关涉的是“西方”表述“东方”的理论和实践,本书正是对这一历史和结构的一种梳理,并讨论了东方主义在当代西方的演化和实践。
●
相关链接 在E读中查询图书 在五车中查询图书 在当当中查询图书 在豆瓣中查询图书


正题名:东方主义     索取号:B3/JY59         预约/预借

序号 登录号 条形码 馆藏地/架位号 状态 备注
1 7824910   278249101   学院路分馆/ [索取号:B3/JY59] 在馆    
2 7824911   278249110   学院路分馆/ [索取号:B3/JY59] 在馆    
3 7824912   278249129   学院路分馆/ [索取号:B3/JY59] 在馆    
4 7824913   278249138   学院路分馆/ [索取号:B3/JY59] 在馆    
唐山师范学院图书馆 欢迎您!
大连网信软件有限公司© 版权所有